Código nacional de procedimientos penales : (Registro nro. 42128)
[ vista simple ]
| 000 -LEADER | |
|---|---|
| fixed length control field | 01835cam a2200349 i 4500 |
| 001 - CONTROL NUMBER | |
| control field | 42128 |
| 003 - CONTROL NUMBER IDENTIFIER | |
| control field | Mx-PuUPA |
| 005 - DATE AND TIME OF LATEST TRANSACTION | |
| control field | 20230601110612.0 |
| 008 - FIXED-LENGTH DATA ELEMENTS--GENERAL INFORMATION | |
| fixed length control field | 140415s2023 mx a grl 000 0 spa d |
| 020 ## - INTERNATIONAL STANDARD BOOK NUMBER | |
| International Standard Book Number | 7503037529412 |
| 040 ## - CATALOGING SOURCE | |
| Original cataloging agency | Mx-PuUPA |
| Language of cataloging | spa |
| Transcribing agency | Mx-PuUPA |
| Modifying agency | Mx-PuUPA |
| Description conventions | rda |
| 041 0# - LANGUAGE CODE | |
| Language code of text/sound track or separate title | spa |
| 240 10 - UNIFORM TITLE | |
| Uniform title | Obras. |
| Name of part/section of a work | Leyes, códigos |
| 245 10 - TITLE STATEMENT | |
| Title | Código nacional de procedimientos penales : |
| Remainder of title | comentado y correlacionado / |
| Statement of responsibility, etc. | Mtro. Enrique Espinosa Madrigal |
| 250 ## - EDITION STATEMENT | |
| Edition statement | Séptima edición |
| 264 #1 - PRODUCTION, PUBLICATION, DISTRIBUTION, MANUFACTURE, AND COPYRIGHT NOTICE | |
| Place of production, publication, distribution, manufacture | Ciudad de México : |
| Name of producer, publisher, distributor, manufacturer | Gallardo Ediciones, |
| Date of production, publication, distribution, manufacture, or copyright notice | 2023 |
| 300 ## - PHYSICAL DESCRIPTION | |
| Extent | 778 páginas : |
| Other physical details | ilustraciones, tablas, diagramas ; |
| Dimensions | 21 cm |
| 336 ## - CONTENT TYPE | |
| Fuente | rdacontent |
| Content type term | texto |
| Content type code | txt |
| 337 ## - MEDIA TYPE | |
| Source | rdamedia |
| Media type term | sin medio |
| Media type code | n |
| 338 ## - CARRIER TYPE | |
| Source | rdacarrier |
| Carrier type term | volumen |
| Carrier type code | nc |
| 505 0# - FORMATTED CONTENTS NOTE | |
| Formatted contents note | "Índice correlacionado y tematizado ; Fundamento Constitucional ; Doctrina ; Jurisprudencia ; Referencias bibliográficas ; Glosario ; Formularios de amparo indirecto ; Formatos IPH ; Apartado de declaraciones de invalidez". -- Cubierta<br/> |
| 505 0# - FORMATTED CONTENTS NOTE | |
| Formatted contents note | "Además: Vídeos de simulacros de audiencias (en web app) ; Pormenores de la audiencia de control de la detención ; Guía práctica de términos, plazos y apercibimientos ; Diagramas de las etapas del juicio oral penal ; Diagramas procesales del sistema penal acusatorio ; Diagrama invalidez de la norma". -- Cubierta |
| 650 #7 - SUBJECT ADDED ENTRY--TOPICAL TERM | |
| Source of heading or term | armarc |
| Topical term or geographic name entry element | Derecho penal |
| General subdivision | |
| Geographic subdivision | México |
| 650 #7 - SUBJECT ADDED ENTRY--TOPICAL TERM | |
| Source of heading or term | armarc |
| Topical term or geographic name entry element | Ley federal de la defensa pública |
| 650 #7 - SUBJECT ADDED ENTRY--TOPICAL TERM | |
| Source of heading or term | armarc |
| Topical term or geographic name entry element | Procedimiento penal |
| Geographic subdivision | México |
| 700 1# - ADDED ENTRY--PERSONAL NAME | |
| Personal name | Espinosa Madrigal, Enrique, |
| Relator term | editor |
| 9 (RLIN) | 14232 |
| 942 ## - ADDED ENTRY ELEMENTS (KOHA) | |
| Source of classification or shelving scheme | Dewey Decimal Classification |
| Koha item type | Libro |
| Classification part | 348.72023 |
| Item part | C665 |
| Withdrawn status | Lost status | Source of classification or shelving scheme | Damaged status | Not for loan | Collection code | Home library | Current library | Shelving location | Date acquired | Source of acquisition | Total Checkouts | Full call number | Barcode | Checked out | Date last seen | Date last checked out | Copy number | Price effective from | Koha item type |
|---|---|---|---|---|---|---|---|---|---|---|---|---|---|---|---|---|---|---|---|
| Dewey Decimal Classification | Magisterial | Biblioteca Karol Wojtyla | Biblioteca Karol Wojtyla | Módulo de circulación | 03/12/2013 | Compra | 1 | 348.72023 C665 2023 | 63445 | 05/06/2024 | 06/06/2023 | 06/06/2023 | Ej.6 | 03/12/2013 | Magisterial | ||||
| Dewey Decimal Classification | Magisterial | Biblioteca Karol Wojtyla | Biblioteca Karol Wojtyla | Módulo de circulación | 03/12/2013 | Compra | 1 | 348.72023 C665 2023 | 63451 | 05/06/2024 | 06/06/2023 | 06/06/2023 | Ej.2 | 03/12/2013 | Magisterial | ||||
| Dewey Decimal Classification | Magisterial | Biblioteca Karol Wojtyla | Biblioteca Karol Wojtyla | Módulo de circulación | 03/12/2013 | Compra | 1 | 348.72023 C665 2023 | 63438 | 05/06/2024 | 06/06/2023 | 06/06/2023 | Ej.8 | 03/12/2013 | Magisterial | ||||
| Dewey Decimal Classification | Magisterial | Biblioteca Karol Wojtyla | Biblioteca Karol Wojtyla | Módulo de circulación | 03/12/2013 | Compra | 1 | 348.72023 C665 2023 | 63447 | 05/06/2024 | 06/06/2023 | 06/06/2023 | Ej.4 | 03/12/2013 | Magisterial | ||||
| Dewey Decimal Classification | Magisterial | Biblioteca Karol Wojtyla | Biblioteca Karol Wojtyla | Módulo de circulación | 03/12/2013 | Compra | 1 | 348.72023 C665 2023 | 63446 | 05/06/2024 | 06/06/2023 | 06/06/2023 | Ej.5 | 03/12/2013 | Magisterial | ||||
| Dewey Decimal Classification | Magisterial | Biblioteca Karol Wojtyla | Biblioteca Karol Wojtyla | Módulo de circulación | 03/12/2013 | Compra | 1 | 348.72023 C665 2023 | 63444 | 05/06/2024 | 06/06/2023 | 06/06/2023 | Ej.7 | 03/12/2013 | Magisterial | ||||
| Dewey Decimal Classification | Magisterial | Biblioteca Karol Wojtyla | Biblioteca Karol Wojtyla | Módulo de circulación | 03/12/2013 | Compra | 1 | 348.72023 C665 2023 | 63453 | 05/06/2024 | 06/06/2023 | 06/06/2023 | 03/12/2013 | Magisterial | |||||
| Dewey Decimal Classification | Magisterial | Biblioteca Karol Wojtyla | Biblioteca Karol Wojtyla | Módulo de circulación | 03/12/2013 | Compra | 1 | 348.72023 C665 2023 | 63450 | 05/06/2024 | 06/06/2023 | 06/06/2023 | Ej.3 | 03/12/2013 | Magisterial |